000
00202 a2200097 4500
001
48519
100
_a
Zeuner, F.E
245
_a
Dating the past
260
_a
London
_b
Methuen
_c
090
_c
31454
_d
31454
942
_a
NUST-CAE
_c
M
_c
23841
999
_c
283592
_d
283592